00534nam a2200133 a 4500008004100000050001900041100002900060245007600089260000900165350000900174995007800183999001700261952012200278120416s9999 ||||||||||||||||| || u aTHESIS/STUDENT aKatemangwe, Penyani Mark13aAn assessment of the informal sector as a safety net for the unemployed a2003 a0.00 D0.00FCBU-MAIN LIBRARY (Kitwe)H1I0.00UAVAILABLEZUniversity Collection c35143d35143 00102lcc4070a001b001cUniversity Collectiond2022-11-30l0oTHESIS/STUDENTp9018077r2022-11-30w2022-11-30y002